| 000 | 00970cam a22003131 4500 | ||
|---|---|---|---|
| 001 | 76637 | ||
| 003 | BD-RjUL | ||
| 005 | 20211209082852.0 | ||
| 008 | 191229s1950 enkab b 000 0 eng | ||
| 035 | _a(BD-RjUL)76861 | ||
| 035 | _a(OCoLC)813010 | ||
| 040 |
_aDLC _cMeWC _dOCoLC _dUk _dDLC _beng |
||
| 041 | _aeng | ||
| 042 | _apremarc | ||
| 082 |
_a723.5 _222 _bHAG 1950 |
||
| 100 | 1 |
_aHarvey, John, _d1911-1997. _9237079 |
|
| 245 | 1 | 4 |
_aThe Gothic world, 1100-1600; _ba survey of architecture and art. / _cJohn Harvey, |
| 260 |
_aLondon; _aNew York : _bBatsford _c[1950] |
||
| 300 |
_axii, 160 p. : _billus., maps. ; _c27 cm. |
||
| 504 | _aBibliography: p. 133-136. | ||
| 650 | 0 |
_aArt, Gothic. _9237081 |
|
| 650 | 0 |
_aArchitecture, Gothic. _9237082 |
|
| 906 |
_a7 _bcbc _coclcrpl _du _encip _f19 _gy-gencatlg |
||
| 942 |
_2ddc _cBK |
||
| 999 |
_c76637 _d76637 |
||